| 000 | 00531nam a2200229Ia 4500 | ||
|---|---|---|---|
| 003 | 0100 | ||
| 008 | 130227s9999 xx 000 0 und d | ||
| 040 | _cARRUPELIB | ||
| 050 | _aHQ31.A73 1965 | ||
| 100 | _aAtkinson, Ronald | ||
| 245 | _aSexual morality | ||
| 260 | _aLondon | ||
| 260 | _bHutchinson and Company | ||
| 260 | _C1965 | ||
| 300 | _a191p. | ||
| 300 | _b 22cm. | ||
| 440 | _aPhilosophy at work | ||
| 650 | _bEducation of women | ||
| 650 | _cEducation, History | ||
| 650 | _dRenaissance | ||
| 942 |
_2lcc _01 |
||
| 999 |
_c2073 _d2073 |
||